000 00523nam a22001937a 4500
005 20251108170701.0
008 250721s1996 xx 000 0 eng d
082 1 4 _aR/647.9203/COL
100 1 _aCollin, P . H
245 1 0 _aDictionary of hotels , tourism and Catering Management /
264 1 _aNew Delhi :
_bUBS Publishers Distributors LTD,
_c1996.
300 _a305p : Supplement
650 1 7 _aHotels
650 1 7 _aDictionaries
650 1 7 _aTourism
650 1 7 _aCaterers
942 _2ddc
_cREF
999 _c46546
_d46546